| 000 | 02111nam a2200397 a 4500 | ||
|---|---|---|---|
| 001 | ebr10671357 | ||
| 003 | CaPaEBR | ||
| 006 | m u | ||
| 007 | cr cn||||||||| | ||
| 008 | 091123s2010 nyu sb 001 0 eng d | ||
| 010 | _z 2009046486 | ||
| 020 | _z9781608767694 (softcover) | ||
| 020 | _z1608767698 (softcover) | ||
| 020 | _z9781613242179 (e-book) | ||
| 040 |
_aCaPaEBR _cCaPaEBR |
||
| 035 | _a(OCoLC)730514976 | ||
| 043 | _an-us--- | ||
| 050 | 1 | 4 |
_aHD6250.U3 _bC443 2010eb |
| 082 | 0 | 4 |
_a331.3/10973 _222 |
| 245 | 0 | 0 |
_aChild labor in America _h[electronic resource] / _cIan C. Rivera and Natasha M. Howard, editors. |
| 260 |
_aNew York : _bNova Science Publishers, _cc2010. |
||
| 300 | _a88 p. | ||
| 490 | 1 | _aChildren's issues, laws and programs series | |
| 504 | _aIncludes bibliographical references and index. | ||
| 505 | 0 | _aChild labor enforcement hearing : testimony of Norma Flores to the House Education and Labor Committee's subcommitte [sic] on workforce protections / Norma Flores -- Child labor enforcement hearing : testimony by Sally Greenberg -- Child labour enforcement : are we adequately protecting our children? / Alexander J. Passantino -- Child labor enforcement hearing : testimony of David A. Strauss / David A. Strauss -- Child labor enforcement : are we adequately protecting our children? / Lynn Woolsey -- Child labor in America : history, policy, and legislative issues / Gerald Mayer. | |
| 533 |
_aElectronic reproduction. _bPalo Alto, Calif. : _cebrary, _d2013. _nAvailable via World Wide Web. _nAccess may be limited to ebrary affiliated libraries. |
||
| 650 | 0 |
_aChild labor _zUnited States. |
|
| 650 | 0 |
_aChild labor _xGovernment policy _zUnited States. |
|
| 650 | 0 |
_aChild labor _xLaw and legislation _zUnited States. |
|
| 655 | 7 |
_aElectronic books. _2local |
|
| 700 | 1 | _aRivera, Ian C. | |
| 700 | 1 | _aHoward, Natasha M. | |
| 710 | 2 | _aebrary, Inc. | |
| 830 | 0 | _aChildren's issues, laws and programs series. | |
| 856 | 4 | 0 |
_uhttp://site.ebrary.com/lib/rucke/Doc?id=10671357 _zAn electronic book accessible through the World Wide Web; click to view |
| 999 |
_c162480 _d162480 |
||